000 01022nam a2200265 i 4500
001 bg
245 0 0 _aParazytologia i akaroentomologia medyczna /
_cred. nauk. Antoni Deryło ; aut. Krystyna Boczoń [et al.].
260 _aWarszawa :
_bWydaw. Naukowe PWN,
_c2002.
300 _a506, [2] s., [20] s. tabl. kolor. :
_bil., mapy ;
_c24 cm.
504 _aBibliogr. przy rozdz. Indeks.
521 _aPodręcznik dla studentów, nauczycieli akademickich, lekarzy praktyków i pracowników laboratoriów diagnostycznych.
650 9 _aChoroby pasożytnicze
650 9 _aParazytologia
655 _aPodręczniki akademickie
700 1 _aDERYŁO, Antoni
_d(1935- ).
_eRed.
700 1 _aBOCZOŃ, Krystyna
020 _a8301138041
040 _cBPK
041 0 _apol
080 _a576.8:616.99](075.8)
920 _a83-01-13804-1
942 _cKS
008 s pl f |000 0 pol
999 _c43127
_d43127
856 _uhttp://koha.tu.koszalin.pl/cgi-bin/koha/opac-detail.pl?biblionumber=43127
_yKatalog online BPK